00925nam a2200253 i 450000100060000000300090000600500170001500700030003200800410003502000380007602000420011408000110015610000270016724500840019425000120027826000710029030000220036149000330038365000420041683000410045885200330049999900170053295201220054915428ES-MaACL20230906151055.0t|000308s1999 sp ||||1| spa d a84-8109-227-4 (Galaxia Gutenberg) a84-226-7529-3 (Círculo de Lectores) a504.061 aPastor, Xavier.98949310aEn defensa del medio ambiente b: las propuestas de Greenpace /cXavier Pastor. a1ª ed. aBarcelona : bGalaxia Gutenberg : bCírculo de Lectores, c1999. a191 p. ; c21 cm.1 aDesafíos de nuestro tiempo14aMedio ambiente-xProtección.9149590 aDesafíos de nuestro tiempo9179769 aES-MaACLjL-22536 bR.127834 c15428d15428 00104070aATENEOMbATENEOMcDEPO2d2008-01-17eSCl0oL-22536p1015685r2023-02-23 00:00:00w2023-02-23yMONOGRAFIA